000 00369nam a2200145Ia 4500
008 230917s9999||||xx |||||||||||||| ||und||
040 _e8704
_aMAIN
041 _aEnglish
082 _a327.11 C399S
100 _aChawla, Sudarshan, ed.
245 0 _aSoutheast Asia under the new blance power
260 _aNew York
_bPrager
_c1974
300 _a1996 p.
942 _cBK
999 _c195698
_d195698